01861cam a22003857i 450000100090000000300050000900500170001400800410003101000170007202000300008902000270011903500240014604000590017004200140022908200160024310000380025924501160029726400440041330000440045733600210050133600280052233700250055033800230057550504310059865000370102965000140106665000480108065000710112870000390119970000380123870000400127694200120131699900190132895201280134718221924NUST20230103095224.0140711s2015 maua 001 0 eng d a 2014945698 a9781305271029 (paperback) a1305271025 (paperback) a(OCoLC)ocn894138824 aYDXCPbengcYDXCPerdadCLEdIADdOQXdLETdOCLCFdDLC alccopycat04a629.892,PRA1 aPrayaga, Lakshmi,eauthor.95572810aRobotics :ba project-based approach /cLakshmi Prayaga, Chandra Prayaga, Alex Whiteside, and Ramakrishna Suri. 1aBoston, MA :bCengage Learning,c[2015] axi, 221 pages :billustrations ;c23 cm atext2rdacontent astill image2rdacontent aunmediated2rdamedia avolume2rdacarrier aIntroduction to robotics (Page-1), Build your own robot sweeper (Page-11), Traveling robot (Page-33), Intruder alarm (Page-57), Robot networking and communication with Wi-Fi (Page-73), Robot medical assistant (Page-89), Data logger (Page-101), Remote contorlled user interfaces (Page-121), Security robot (Page-141), Light and sound (Page-149), Android app controlller (Page-169), Additional robotics applications (Page-199),  0aRobotsxDesign and construction. 0aRobotics. 7aRobotics.2fast0(OCoLC)fst010989979106693 7aRobotsxDesign and construction.2fast0(OCoLC)fst0109905491066941 aPrayaga, Chandra,eauthor.91066881 aWhiteside, Alex,eauthor.91066891 aSuri, Ramakrishna,eauthor.9106690 2ddccBK c592898d592898 00102ddc4070aMCSbMCScGENd2023-01-03l0o629.892,PRApMCS38143r2023-10-23w2023-01-03yBKzAlmirah No.42, Shelf No.1